Dibs v hľadaní seba samého pri terapii hrou

Bibliographic Details
Main Author: Axline, Virginia Mae, 1911-1988 (Author)
Other Authors: Carmichael, Leonard (Author of introduction, etc.), Chmelová Mária (Translator)
Format: Book
Language:Slovak
English
Published: Bratislava Vydavateľstvo F, Pro mente sana 2017
Subjects:

MARC

LEADER 00000cam a2200000 a 4500
001 vtls011717904
003 SK-MaSNL
005 20260301150229.0
008 240318s2017 xo 000 0 slo
015 |a SNBA2017/12 
020 |a 9788088952923  |q (brožované) 
035 |a urn:nbn:sk:snk-am00djwt 
035 |a urn:nbn:sk:snk-am3i4ml 
035 |a F0E8690E-6267-468A-94F8-18D3887CFFEE 
040 |a SNK  |b slo  |c SNK  |e AACR2 
041 1 |a slo  |h eng 
044 |a xo  |c SK 
072 7 |a 821.111(73)-3  |x Americká próza  |2 konspekt 
080 |a 821.111(73)-32  |2 2011 
080 |a 615.851:37.091.33  |2 2011 
080 |a 159.922.7  |2 2011 
080 |a 316.344.6-056.26/.3-053.2  |2 2011 
080 |a (0:82-32)  |2 2011 
100 1 |a Axline, Virginia Mae,  |d 1911-1988  |4 aut  |9 170836 
240 1 0 |a Dibs in search of self  |l Slovensky 
245 1 0 |a Dibs v hľadaní seba samého pri terapii hrou  |c Virginia M. Axline ; úvod napísal Leonard Carmichael ; [preklad Mária Chmelová] 
260 |a Bratislava  |b Vydavateľstvo F, Pro mente sana  |c 2017 
300 |a 289 s.  |c 18 cm 
500 |a Na obálke: Slávny, hlboký príbeh emočne strateného dieťaťa, ktoré našlo svoju cestu späť ; Psychoterapia detí, klasika 
500 |a Poznámky autorky 
500 |a Preložené pravdepodobne z angličtiny 
650 0 7 |a terapia hrou  |2 SNKPH  |9 71818 
650 0 7 |a vývinová psychológia  |2 SNKPH  |9 780 
650 0 7 |a psychológia dieťaťa  |2 SNKPH  |9 1793 
650 0 7 |a zdravotne postihnuté deti  |2 SNKPH  |9 1075 
655 7 |a americké príbehy  |2 SNKPH  |9 70732 
700 1 |a Carmichael, Leonard  |4 aui  |9 507165 
700 1 |a Chmelová Mária  |4 trl  |9 507166 
919 |a 978-80-88952-92-3 
958 |a OP 
999 |c 782847  |d 784777 
952 |a SNK  |b SNK  |y PREZ  |7 0  |p 17A1304326  |o snkSD 86750  |i snk2017/25053  |8 0  |0 0  |1 0  |4 0  |d 2017-11-13  |f 1  |l 0  |r 2026-02-24 01:10:09  |w 2026-02-24 
952 |a SNK  |b SNK  |y PREZ  |7 0  |p 17A1304327  |o snkSD 86750 D1  |i snk2017/25054  |8 0  |0 0  |1 0  |4 0  |d 2017-11-13  |l 1  |r 2026-03-24 13:43:34  |s 2026-02-28  |w 2026-02-24